Динамика гражданского общества, этноконфессиональная толерантность и диалог культур: эпистемологические модели (Запись № 3852164)

Подробности
000 -МАРКЕР
контрольное поле 03849nam0a2200493 4500
001 - ИДЕНТИФИКАТОР ЗАПИСИ
контрольное поле RU\NLR\bibl\1974270
005 - ИДЕНТИФИКАТОР ВЕРСИИ
контрольное поле 20260406112213.0
021 ## - НОМЕР ГОСУДАРСТВЕННОЙ РЕГИСТРАЦИИ
Код страны Российская Федерация
Номер 2012-88113
Номер Листа государственной регистраци 6519
035 ## - ДРУГИЕ СИСТЕМНЫЕ НОМЕРА
Идентификатор записи (NLR Aleph) 001963068
035 ## - ДРУГИЕ СИСТЕМНЫЕ НОМЕРА
Идентификатор записи (nilc)RSL-KNO-005529489
100 ## - ДАННЫЕ ОБЩЕЙ ОБРАБОТКИ
Данные общей обработки 20121122d2012 u y0rusy50 ca
101 0# - ЯЗЫК РЕСУРСА
Язык текста, звукозаписи и т.д. русский
102 ## - СТРАНА ПУБЛИКАЦИИ ИЛИ ПРОИЗВОДСТВА
Страна публикации Российская Федерация
105 ## - ПОЛЕ КОДИРОВАННЫХ ДАННЫХ: ТЕКСТОВЫЕ МАТЕРИАЛЫ, МОНОГРАФИЧЕСКИЕ
Кодированные данные о монографическом текстовом документе y |||||||||
200 1# - ЗАГЛАВИЕ И СВЕДЕНИЯ ОБ ОТВЕТСТВЕННОСТИ
Основное заглавие Динамика гражданского общества, этноконфессиональная толерантность и диалог культур: эпистемологические модели
Сведения, относящиеся к заглавию коллективная монография
-- [по итогам проведения молодежной конференции "Когнитивное моделирование: динамика гражданского общества и фактор национально-конфессиональной толерантности" в рамках Федеральной целевой программы "Научные и научно-педагогические кадры инновационной России"
Первые сведения об ответственности Е.А. Кожемякин, В.П. Римский, А.В. Тихомиров и др.]
210 ## - ПУБЛИКАЦИЯ, РАСПРОСТРАНЕНИЕ И ДР.
Место издания, распространения и т.д. Белгород
Имя издателя, распространителя и т. д. Белгород
Дата издания, распространения и т.д. 2012
215 ## - ФИЗИЧЕСКАЯ ХАРАКТЕРИСТИКА
Специфическое обозначение материала и объем 289, [1] с.
Размеры 20
300 ## - ОБЩИЕ ПРИМЕЧАНИЯ
Текст примечания Авт. указаны в содерж.
300 ## - ОБЩИЕ ПРИМЕЧАНИЯ
Текст примечания В надзаг.: Деп. образования, культуры и молодеж. политики Администрации Белгор. обл., ФГАОУ ВПО "Белгор. гос. нац. исслед. ун-т"
320 ## - ПРИМЕЧАНИЯ О НАЛИЧИИ В ДОКУМЕНТЕ БИБЛИОГРАФИИ / УКАЗАТЕЛЯ
Текст примечания Библиогр. в подстроч. примеч.
606 1# - НАИМЕНОВАНИЕ ТЕМЫ КАК ПРЕДМЕТ
Наименование темы Этноконфессиональные отношения
Тематический подзаголовок Социально-философские вопросы
Код системы nlr_sh2
Идентификатор авторитетной/нормативной записи RU\NLR\AUTH\661518811
606 1# - НАИМЕНОВАНИЕ ТЕМЫ КАК ПРЕДМЕТ
Наименование темы Гражданское общество
Тематический подзаголовок Социально-философские вопросы
Код системы nlr_sh1
-- nlr_sh2
Идентификатор авторитетной/нормативной записи RU\NLR\AUTH\661373190
610 0# - НЕКОНТРОЛИРУЕМЫЕ ПРЕДМЕТНЫЕ ТЕРМИНЫ
Предметный термин гражданское общество
686 ## - ИНДЕКСЫ ДРУГИХ КЛАССИФИКАЦИЙ
Индекс С555.372.2,0
Код системы
686 1# - ИНДЕКСЫ ДРУГИХ КЛАССИФИКАЦИЙ
Индекс С550.566
686 1# - ИНДЕКСЫ ДРУГИХ КЛАССИФИКАЦИЙ
Индекс С550.67
686 1# - ИНДЕКСЫ ДРУГИХ КЛАССИФИКАЦИЙ
Индекс С550.511
701 #1 - ИМЯ ЛИЦА - АЛЬТЕРНАТИВНАЯ ОТВЕТСТВЕННОСТЬ
Начальный элемент ввода Кожемякин
Часть имени, кроме начального элемента ввода Е. А.
Даты 1976-
Расширение инициалов личного имени Евгений Александрович
Идентификатор авторитетной/нормативной записи RU\NLR\AUTH\770256878
Код отношения Автор
701 #1 - ИМЯ ЛИЦА - АЛЬТЕРНАТИВНАЯ ОТВЕТСТВЕННОСТЬ
Начальный элемент ввода Римский
Часть имени, кроме начального элемента ввода В. П.
Дополнения к именам, кроме дат д-р филос. наук, писатель
Даты 1955-
Расширение инициалов личного имени Виктор Павлович
Идентификатор авторитетной/нормативной записи RU\NLR\AUTH\770291946
Код отношения Автор
701 #1 - ИМЯ ЛИЦА - АЛЬТЕРНАТИВНАЯ ОТВЕТСТВЕННОСТЬ
Начальный элемент ввода Тихомиров
Часть имени, кроме начального элемента ввода А. В.
Код отношения Автор
702 #1 - ИМЯ ЛИЦА - ВТОРИЧНАЯ ОТВЕТСТВЕННОСТЬ
Начальный элемент ввода Римский
Часть имени, кроме начального элемента ввода В. П.
Дополнения к именам, кроме дат д-р филос. наук, писатель
Даты 1955-
Расширение инициалов личного имени Виктор Павлович
Идентификатор авторитетной/нормативной записи RU\NLR\AUTH\770291946
Код отношения Редактор
711 12 - НАИМЕНОВАНИЕ ОРГАНИЗАЦИИ - АЛЬТЕРНАТИВНАЯ ОТВЕТСТВЕННОСТЬ
Начальный элемент ввода "Когнитивное моделирование: динамика гражданского общества и фактор национально-конфессиональной толерантности", всероссийская молодежная конференция
Дата проведения временной организации 2011
Место проведения временной организации Белгород
Идентификатор авторитетной/нормативной записи RU\NLR\AUTH\8810237590
712 02 - НАИМЕНОВАНИЕ ОРГАНИЗАЦИИ - ВТОРИЧНАЯ ОТВЕТСТВЕННОСТЬ
Начальный элемент ввода Белгородский государственный национальный исследовательский университет
Идентификатор авторитетной/нормативной записи RU\NLR\AUTH\8810197260
Код отношения Прочие
712 02 - НАИМЕНОВАНИЕ ОРГАНИЗАЦИИ - ВТОРИЧНАЯ ОТВЕТСТВЕННОСТЬ
Начальный элемент ввода "Научные и научно-педагогические кадры инновационной России", федеральная целевая программа на 2009-2013 годы
Идентификатор авторитетной/нормативной записи RU\NLR\AUTH\8810151387
Код отношения Прочие
801 #0 - ИСТОЧНИК ЗАПИСИ
Страна Российская Федерация
Организация RuMoRKP
Дата составления 20121122
Правила каталогизации rcr
801 #1 - ИСТОЧНИК ЗАПИСИ
Страна Российская Федерация
Организация РГБ
Дата составления 20121122
801 #2 - ИСТОЧНИК ЗАПИСИ
Страна Российская Федерация
Организация NLR
Дата составления 20121203
Правила каталогизации rcr
830 ## - ОБЩЕЕ ПРИМЕЧАНИЕ, СОСТАВЛЕННОЕ КАТАЛОГИЗАТОРОМ
Текст примечания авт. раскрыты по ЭК
942 ## - ДОПОЛНИТЕЛЬНЫЕ ЭЛЕМЕНТЫ ЗАПИСИ (АБИС)
Тип экземпляра АБИС Книга
980 ## - КОЛЛЕКЦИЯ
Название коллекции НБР
980 ## - КОЛЛЕКЦИЯ
Название коллекции Национальная библиография

Нет доступных экземпляров.